Lịch sử triết học Phương Đông; T5 Triết học Trung Hoa cận đại
Sparad:
| Huvudupphovsman: | |
|---|---|
| Materialtyp: | Bok |
| Språk: | Undetermined |
| Publicerad: |
Tp. HCM
Nxb. Tp. HCM
1997
|
| Ämnen: | |
| Taggar: |
Lägg till en tagg
Inga taggar, Lägg till första taggen!
|
| Thư viện lưu trữ: | Trung tâm Học liệu Trường Đại học Cần Thơ |
|---|
| LEADER | 00682nam a2200229Ia 4500 | ||
|---|---|---|---|
| 001 | CTU_22517 | ||
| 008 | 210402s9999 xx 000 0 und d | ||
| 020 | |b 38.800đ | ||
| 082 | |a 181.1 | ||
| 082 | |b Th506/T5 | ||
| 100 | |a Nguyễn Đăng Thục | ||
| 245 | 0 | |a Lịch sử triết học Phương Đông; T5 | |
| 245 | 0 | |b Triết học Trung Hoa cận đại | |
| 245 | 0 | |c Nguyễn Đăng Thục | |
| 260 | |a Tp. HCM | ||
| 260 | |b Nxb. Tp. HCM | ||
| 260 | |c 1997 | ||
| 526 | |a Triết học | ||
| 526 | |b ML605 | ||
| 650 | |a philosophy, oriental | ||
| 904 | |i Nguyễn Quang Điền, 980511 | ||
| 980 | |a Trung tâm Học liệu Trường Đại học Cần Thơ | ||